Marvel Characters by Pictures - MCU - Medium - Statistics

General Stats
  • This quiz has been taken 173 times
  • The average score is 25 of 32
Answer Stats
Picture Answer % Correct
Red Skull
96%
Daredevil
94%
Hela
94%
Odin
94%
Nebula
92%
Mantis
91%
May
91%
Moon Knight
91%
Quicksilver
89%
Shang Chi
89%
Wong
87%
Mysterio
86%
Green Goblin
85%
Killmonger
85%
Shuri
82%
Yondu
82%
Agatha Harkness
77%
Hank Pym
77%
Namor
77%
Kate Bishop
75%
Korg
74%
Happy Hogan
73%
Ronan
73%
Ms. Marvel
72%
Vulture
70%
Kang
68%
Okoye
67%
Zemo
66%
Whiplash
60%
Yelena Belova
56%
Mordo
49%
Thena
48%
No matching quizzes found
Score Distribution
Percent of People with Each Score
Percentile by Number Answered
Your Score History
You have not taken this quiz